00822cam a22002295a 450000500170000000800410001701000140005802000260007203500130009803700130011104000130012408200110013710000170014824500490016526000500021427000580026430000310032250000500035394200250040399900170042895201470044520091103014612.0090911s2009 ii ab b 100 0 eng d aENG-95354 a9788131306925c695.00 aEN-78887 aDBAD/PUB aDPLbeng a647.95 aArora, R. K. aBar and beverage management /cby R.K. Arora aNew Delhi :bAPH Publishing Corporationc2009 a4435-36/7. Ansari road, Darya GanjbNew Delhie110002 a viii, 254p.;c22 cm. (Hb) aIncludes bibliographical references and index 2ddccENmAROh647.95 c31451d31451 00102ddc3Hb40718NFICaDBADbDBADd2009-11-06eDBAD / PUBg695.00l0o647.95-AROpEN-78887r2009-11-06 00:00:00t1v695.00w2009-11-06yEN